000 01051nam a2200325 i 4500
003 EG-GICUC
005 20260412233939.0
008 260412s1937 fr ab||fr|||| 00| 0 fre d
040 _aEG-GiCUC
_bfre
_cEG-GiCUC
_dEG-GiCUC
_eRda
043 _afr#
044 _afr#
082 0 4 _221
_a341.762062
_bL U . N
092 0 4 _221
_a341.762062
099 _aLaw1 11 341.762062 L U . N 1936
100 1 _aLudwig, Emil,
_d1881-1948
_eAuteur
245 1 3 _aLe Nil :
_bvie d'un fleuve
_cEmil Ludwig.
_nTome 2
264 1 _aParis :
_blibrairie Plon,
_c1937.
300 _a291 page :
_billustration ; maps
_c 24 cm.
336 _2rda contenu
_a texte
337 _2rda medias
_aOrdinateur
338 _2 transporteur rda
_a Ressource en ligne
504 _aBibliography: pages 200-250. 240-220
650 1 _aRessources naturelles
_zEgypt
_2qrmak
650 1 _aLe nile
_zEgypt
_2qrmak
650 1 _aRivers
_zEgypt
_2qrmak
651 1 _2qrmak
856 4 0 _uhttps://fll.law.cu.edu.eg/fulltext/bks/B11-09337.pdf
905 _a15
942 _2ddc
_cBK
_e21
_n0
999 _c70499
_d70499